Statistics for Most Populated Countries Containing 'O'

Click here to take the quiz!

General Stats

  • This quiz has been taken 141 times
    (140 since last reset)
  • The average score is 15 of 20

Answer Stats

Population Country % Correct
257 milIndonesia
97%
55 milSouth Africa
96%
126 milMexico
95%
51 milSouth Korea
91%
48 milColombia
90%
78 milD.R. Congo
88%
33 milMorocco
84%
64 milUnited Kingdom
81%
38 milPoland
80%
100 milEthiopia
79%
25 milNorth Korea
78%
26 milMozambique
75%
12 milSouth Sudan
73%
20 milRomania
69%
15 milCambodia
69%
24 milAngola
68%
23 milCameroon
64%
16 milEcuador
53%
22 milCote d'Ivoire
41%
18 milBurkina Faso
36%

Score Distribution

Percentile by Number Answered

Percent of People with Each Score

Your Score History

You have not taken this quiz since the last reset